Hồ Chí Minh và nhật kí trong tù /

Bewaard in:
Bibliografische gegevens
Andere auteurs: Hà Minh Đức (biên soạn và tuyển chọn.)
Formaat: Sách giấy
Taal:Vietnamese
Gepubliceerd in: H. : Văn học : Giáo dục, 2008.
Onderwerpen:
Tags: Voeg label toe
Geen labels, Wees de eerste die dit record labelt!
Thư viện lưu trữ: Thư viện Trường Đại học Đà Lạt
LEADER 00789nam a2200301 4500
001 DLU090074640
005 ##20090602
040 # # |a DLU  |b vie 
041 # # |a vie 
044 # # |a vn 
082 # # |a 895.922 1  |b Hoc 
245 # # |a Hồ Chí Minh và nhật kí trong tù /  |c Hà Minh Đức biên soạn và tuyển chọn. 
260 # # |a H. :  |b Văn học :  |b Giáo dục,  |c 2008. 
300 # # |a 368 tr. ;  |c 21 cm. 
653 # # |a Bình luận văn học 
653 # # |a Thơ ca cách mạng 
700 # # |a Hà Minh Đức,  |e biên soạn và tuyển chọn. 
923 # # |a 04/2009 
991 # # |a SH 
992 # # |a 40000 
994 # # |a DLU 
900 # # |a True 
911 # # |a Đào Thị Thu Huyền 
925 # # |a G 
926 # # |a A 
927 # # |a SH 
980 # # |a Thư viện Trường Đại học Đà Lạt